00717 2200277 4500001002100000005001500021035002000036007000300056008004100059020002200100082001100122084001700133100002400150245008700174250001000261260003100271300002300302650000900325700002100334504003100355990000900386990001100395990001100406990001100417990001100428INLIS00000000000045120200210100646 a0010-1017000005ta200210 f 0 ind  a978-602-9185-10-2 a297.14 a297.14 AHM y0 aAHMAD, Ilyas Ismail1 aYa Allah Berilah Aku Kesuksesan /cAhmad Ilyas Ismail; penyunting, Isty Khomawatie acet.1 aJakarta :bBelanoor,c2011 a257 hlm. ;c20 cm. 4aDO'A0 aISTY, Khomawatie aBibliografi : hlm. 254-257 a3421 a3421 a a3421 b a3421 a a3421 b